书目信息 |
| 题名: |
朝鲜战争中的女人
|
|
| 作者: | 胡清和 著 | |
| 分册: | ||
| 出版信息: | 济南 黄河出版社 1992.10 |
|
| 页数: | 325页 | |
| 开本: | 19cm | |
| 丛书名: | ||
| 单 册: | ||
| 中图分类: | I247.52 , I247.4 | |
| 科图分类: | ||
| 主题词: | 长篇小说--中国--现代 , 长篇小说 | |
| 电子资源: | ||
| ISBN: | 7-80558-374-9 | |
| 000 | 00700nam0 2200241 450 | |
| 001 | 1561869557 | |
| 005 | 20150127171155.25 | |
| 010 | @a7-80558-374-9@dCNY5.80 | |
| 100 | @a19930914d1992 em y0chiy0110 ea | |
| 101 | 0 | @achi |
| 102 | @aCN@b370000 | |
| 105 | @af z 000ay | |
| 200 | 1 | @a朝鲜战争中的女人@9chao xian zhan zheng zhong de nv ren@f胡清和著 |
| 210 | @a济南@c黄河出版社@d1992.10 | |
| 215 | @a325页@c照片@d19cm | |
| 304 | @a胡清和(1931~ ),安徽休宁人,中国作家协会会员,专业作家 | |
| 606 | 0 | @a长篇小说@y中国@z现代 |
| 606 | 0 | @a长篇小说 |
| 690 | @aI247.52@v三版 | |
| 690 | @aI247.4@v4 | |
| 701 | 0 | @a胡清和@9hu qing he@4著 |
| 801 | 0 | @aCN@bTSSF@c20150127 |
| 905 | @aZUCC@dI247.4@eJY2 | |
| 朝鲜战争中的女人/胡清和著.-济南:黄河出版社,1992.10 |
| 325页:照片;19cm |
| ISBN 7-80558-374-9:CNY5.80 |
| ● |
| 相关链接 |
|
|
|
|
正题名:朝鲜战争中的女人
索取号:I247.4/JY2
 
预约/预借
| 序号 | 登录号 | 条形码 | 馆藏地/架位号 | 状态 | 备注 |
| 1 | 7837521 | 278375214 | 学院路分馆/ [索取号:I247.4/JY2] | 在馆 | |
| 2 | 7837522 | 278375223 | 学院路分馆/ [索取号:I247.4/JY2] | 在馆 | |
| 3 | 7837523 | 278375232 | 学院路分馆/ [索取号:I247.4/JY2] | 在馆 |